000 00908nam a22002417a 4500
005 20170123164141.0
010 _aB-230671
020 _a9788171421619
_c125.00
035 _aB-230671
040 _aDPL
_bPN
082 _a
_bਭੁੱਲਰ
100 _aਭੁੱਲਰ , ਗੁਰਬਚਨ ਸਿੰਘ
_915496
245 _aਓਪਰਾ ਮਰਦ /
_cਗੁਰਬਚਨ ਸਿੰਘ ਭੁੱਲਰ
246 _aOpra marad
_bby Gurbachan sing bhullar
260 _aਚੰਡੀਗੜ
_bਲੋਕ ਗੀਤ ਪਰਕਾਸ਼ਨ
270 _aਔਸ. ਸੀ. ਓ. 26-27, ਸੈਕਟਰ 34 ਏ,
_bਚੰਡੀਗੜ
_e160022
300 _a112p.
_c23cm(Hb)
650 _aਪੰਜਾਬੀ ਕਹਾਣੀਆਂ
_915497
650 _a ਪੰਜਾਬੀ ਸਾਹਿਤ
_9779
650 _aPunjabi stories
_96279
650 _aPunjabi Literature
_9781
942 _2ddc
_cPN
_h
_mਭੁੱਲਰ
999 _c109660
_d109660